Т. 1. Переписка с У. Черчиллем и К. Эттли: (июль 1941 г. - ноябрь 1945 г.); Переписка Председателя Совета Министров СССР с президентом США и премьер-министрами Великобритании во время Великой Отечественной войны, 1941-1945 гг.

書誌詳細
Parent link:Переписка Председателя Совета Министров СССР с президентом США и премьер-министрами Великобритании во время Великой Отечественной войны, 1941-1945 гг.: сборник документов/ Министерство иностранных дел. Т. 1. Переписка с У. Черчиллем и К. Эттли.— 2-е изд..— , 1976-
その他の著者: Фокина Г. К.
言語:ロシア語
出版事項: 1976
主題:
フォーマット: 図書
KOHA link:https://koha.lib.tpu.ru/cgi-bin/koha/opac-detail.pl?biblionumber=90437

MARC

LEADER 00000nam2a2200000 4500
001 90437
005 20240927113431.0
035 |a (RuTPU)RU\TPU\book\96980 
090 |a 90437 
100 |a 20060209d1976 k f0rusy50 ca 
101 0 |a rus 
102 |a RU 
105 |a y z 001zd 
200 0 |a Т. 1. Переписка с У. Черчиллем и К. Эттли  |e (июль 1941 г. - ноябрь 1945 г.)  |f ответственный за выпуск Г. К. Фокина 
210 |d 1976 
215 |a 472 с.  |d 20,5 см. 
320 |a Примечания: с. 447-471. 
461 1 |0 (RuTPU)RU\TPU\book\97691  |t Переписка Председателя Совета Министров СССР с президентом США и премьер-министрами Великобритании во время Великой Отечественной войны, 1941-1945 гг.  |o сборник документов  |o в 2 т.  |f Министерство иностранных дел  |v Т. 1. Переписка с У. Черчиллем и К. Эттли  |e 2-е изд.  |d 1976- 
600 1 |a Сталин  |g Иосиф Виссарионович  |b И. В.  |f 1878-1953  |c российский политический и государственный деятель  |c Генеральный секретарь ЦК КПСС  |c настоящая фамилия Джугашвилли  |c псевдоним Коба  |2 stltpui  |3 (RuTPU)RU\TPU\pers\1058 
600 1 |a Черчилль  |g Уинстон Леонард Спенсер  |c премьер-министр Великобритании  |f 1874-1965  |b У. Л. С.  |2 stltpui  |3 (RuTPU)RU\TPU\pers\665 
600 1 |a Эттли  |b К. Р.  |c государственный деятель Великобритании  |c один из лидеров и идеологов Лейбористской партии  |f 1883-1967  |g Клемент Ричард  |2 stltpush  |3 (RuTPU)RU\TPU\pers\15876  |9 5541 
606 |a Международные отношения в период Второй Мировой войны 1939-1945  |x История  |9 81305 
610 1 |a 20 век 
610 1 |a Россия 
610 1 |a Великобритания 
610 1 |a Великая Отечественная война 1941-1945 
610 1 |a Вторая мировая война 1939-1945 
610 1 |a международные отношения 
610 1 |a переписка 
686 |2 rubbk  |a Т3(0)62-6 
702 1 |a Фокина  |b Г. К.  |4 540 
801 1 |a RU  |b 63413507  |c 20060209  |g PSBO 
801 2 |a RU  |b 63413507  |c 20090606  |g PSBO 
942 |c BK